000 01029cab a2200265 4500
001 ABS54263
008 090401t1996 xxu||||| |||| 00| 0 eng d
035 _a(Sirsi) u9379
041 _aeng
245 _aPercentage
260 _c1996
350 _a0
490 _aBuilding Services
_v18(1) January 1996, 24-29(6)
520 _aDiscusses how the industry can try to achieve the 30% reduction on construction costs by the year 2000 suggested by the Latham Report. Also reviews a BSRIA report "Overengineering in building services" which compares design and installation practice across UK, USA, France and Germany to see if UK builders cost more than their overseas counterparts.
650 _aBUILT ENVIRONMENT-BUILDING COSTS
650 _aBlock management
_96220
650 _aCONSTRUCTION PRODUCTIVITY NETWORK
650 _aCOST REDUCTION
650 _aINSTALLATION COSTS
650 _aLATHAM REFORMS
650 _aREDUCTION
690 _aBUILT ENVIRONMENT-BUILDING COSTS
942 _n0
948 _c04/03/1997
999 _c5851
_d5851